[Event "YUG-chT"]
[Site "Tivat"]
[Date "1995.??.??"]
[Round "4"]
[White "Maksimenko, Andrei"]
[Black "Miladinovic, Igor"]
[Result "0-1"]
[WhiteElo "2550"]
[BlackElo "2555"]
[EventDate "1995.??.??"]

1. c4 e6 2. Nc3 d5 3. d4 Nf6 4. cxd5 exd5 5. Bg5 c6 6. e3 Be7 7. Qc2 Nbd7 
8. Bd3 O-O 9. Nf3 Re8 10. O-O Nf8 11. Rab1 a5 12. a3 Ng6 13. b4 axb4 14. 
axb4 Bd6 15. Rfe1 Bg4 16. Nh4 h6 17. Bxf6 Qxf6 18. Nxg6 fxg6 19. b5 Ra3 
20. bxc6 bxc6 21. Ra1 Rf8 22. Rxa3 Bxa3 23. Rb1 Qg5 24. Bxg6 Bd6 25. Bh7+ 
Kh8 26. Bd3 Bf3 27. g3 Bxg3 28. fxg3 Qxe3+ 29. Qf2 Qxd3 0-1

[Event "YUG-chT2"]
[Site "Tivat"]
[Date "1995.??.??"]
[Round "4"]
[White "Georgiev, Kiril"]
[Black "Smagin, Sergey"]
[Result "1/2-1/2"]
[WhiteElo "2625"]
[BlackElo "2540"]
[EventDate "1995.??.??"]

1. d4 d5 2. c4 e6 3. Nc3 Nf6 4. Nf3 Nbd7 5. cxd5 exd5 6. Bf4 c6 7. Qc2 Nb6
8. e3 Bg4 9. Ne5 Bh5 10. h3 Bd6 11. g4 Bg6 12. Qb3 Qe7 13. Be2 Nfd7 14. 
Nd3 a5 15. Bxd6 Qxd6 16. Nf4 a4 17. Qa3 Qxa3 18. bxa3 Nc8 19. h4 h6 20. 
Nxg6 fxg6 21. Bd3 Kf7 22. f3 Rd8 23. Rb1 Ra7 24. O-O b5 25. e4 Ndb6 26. 
Rbc1 Ne7 27. g5 Rad7 28. Ne2 Rh8 29. Kf2 hxg5 30. hxg5 Rh3 31. Nf4 Rh2+ 
32. Kg3 Rxa2 33. e5 Kg8 34. Nxg6 Rxa3 35. e6 Rc7 36. Ne5 Rxd3 37. Nxd3 
Nf5+ 38. Kf4 g6 39. Rfe1 Nc4 40. Ne5 Kg7 41. Nxc6 Rxc6 42. e7 Nb2 43. Kg4 
Nd3 44. e8=Q Nf2+ 45. Kf4 Nd3+ 46. Kg4 Nf2+ 47. Kf4 Nd3+ 1/2-1/2

[Event "Ano Liosia op"]
[Site "Ano Liosia"]
[Date "1996.??.??"]
[Round "5"]
[White "Miladinovic, Igor"]
[Black "Skembris, Spyridon"]
[Result "1/2-1/2"]
[WhiteElo "2560"]
[BlackElo "2505"]
[EventDate "1996.??.??"]

1. d4 Nf6 2. c4 e6 3. Nc3 d5 4. cxd5 exd5 5. Bg5 c6 6. e3 Nbd7 7. Bd3 Be7 
8. Nf3 Ne4 9. Bxe7 Qxe7 10. Bxe4 dxe4 11. Nd2 Nf6 12. Qc2 Bf5 13. O-O Bg6 
14. Nc4 O-O 15. Ne5 c5 16. Rad1 Rad8 17. Nxg6 hxg6 18. dxc5 Qxc5 19. Qa4 
Qb6 20. Qc2 Rxd1 21. Rxd1 Rd8 22. Rxd8+ Qxd8 23. h3 Qe7 24. g4 g5 25. Qa4 
a6 26. Qc4 Kh7 27. a4 Kg6 28. Qc8 Kh6 29. Kg2 g6 30. Qh8+ Nh7 31. Qd4 f5 
32. a5 Qf6 33. Qd7 f4 34. Nxe4 f3+ 35. Kg1 Qxb2 36. Qd1 b5 37. axb6 Qxb6 
38. Qxf3 a5 39. Nc3 Qb2 40. e4 a4 41. e5 a3 42. e6 a2 43. Nxa2 Qxa2 44. e7
Qe6 45. Qf8+ Nxf8 46. exf8=Q+ Kh7 47. Qb4 Qd5 48. Qe7+ Kh6 49. Qf6 Kh7 50.
 Kh2 Qc5 51. h4 gxh4 52. Qxh4+ Kg7 53. g5 Qe5+ 54. Qg3 Qf5 55. Qe3 Qg4 56.
 f3 Qf5 57. Qe7+ Kg8 58. Kg3 Qc2 59. Qe6+ Kg7 60. Qe5+ Kh7 61. Qe7+ Kg8 
62. Qe4 Qc7+ 63. f4 Qc3+ 64. Kh4 Kf7 65. Qb7+ Ke6 66. Kg4 Qc2 67. Kg3 Qc3+
68. Qf3 Qe1+ 69. Kh3 Qb1 70. Qe3+ Kf7 71. Kg3 Qc2 72. Qd4 Qb1 73. Kf3 Qf1+
74. Ke4 Qe2+ 75. Kd5 Qe6+ 76. Kc5 Qc8+ 77. Kb4 Qb7+ 78. Kc3 Qf3+ 79. Kc4 
1/2-1/2

[Event "Bad Homburg"]
[Site "Bad Homburg"]
[Date "1996.??.??"]
[Round "2"]
[White "Alterman, Boris"]
[Black "Gabriel, Christian"]
[Result "1/2-1/2"]
[WhiteElo "2590"]
[BlackElo "2565"]
[EventDate "1996.07.20"]

1. d4 d5 2. c4 c6 3. Nf3 Nf6 4. Nc3 e6 5. Bg5 Nbd7 6. cxd5 exd5 7. e3 Be7 
8. Bd3 O-O 9. Qc2 Re8 10. O-O Nf8 11. Rab1 a5 12. a3 Bd6 13. Rfe1 Bg4 14. 
Nd2 Bh5 15. Nf1 Bg6 16. b4 axb4 17. axb4 h6 18. Bxf6 Qxf6 19. b5 Bxd3 20. 
Qxd3 Ng6 21. bxc6 1/2-1/2

[Event "Berliner Sommer 14th"]
[Site "Berlin"]
[Date "1996.??.??"]
[Round "9"]
[White "Babula, Vlastimil"]
[Black "Boensch, Uwe"]
[Result "1/2-1/2"]
[WhiteElo "2545"]
[BlackElo "2525"]
[EventDate "1996.08.??"]

1. d4 Nf6 2. c4 e6 3. Nc3 d5 4. cxd5 exd5 5. Bg5 Be7 6. e3 O-O 7. Bd3 Nbd7
8. Nf3 c6 9. Qc2 Re8 10. O-O Nf8 11. Rae1 Be6 12. Ne5 N6d7 13. Bxe7 Qxe7 
14. f4 f6 15. Nf3 Nb6 16. f5 Bf7 17. Kh1 c5 18. Qf2 cxd4 19. exd4 Qd6 20. 
b3 1/2-1/2

[Event "Berliner Sommer 14th"]
[Site "Berlin"]
[Date "1996.??.??"]
[Round "9"]
[White "Bagirov, Vladimir"]
[Black "Klovans, Janis"]
[Result "1/2-1/2"]
[WhiteElo "2505"]
[BlackElo "2530"]
[EventDate "1996.08.??"]

1. d4 Nf6 2. c4 e6 3. Nc3 d5 4. cxd5 exd5 5. Bg5 c6 6. Qc2 Be7 7. e3 Nbd7 
8. Nf3 O-O 9. Bd3 Re8 10. O-O Nf8 11. Bxf6 Bxf6 12. b4 1/2-1/2

[Event "Donner mem op"]
[Site "Amsterdam"]
[Date "1996.??.??"]
[Round "9"]
[White "Norwood, David"]
[Black "Conquest, Stuart"]
[Result "1/2-1/2"]
[WhiteElo "2520"]
[BlackElo "2585"]
[EventDate "1996.08.17"]

1. Nf3 Nf6 2. c4 e6 3. Nc3 d5 4. d4 c6 5. cxd5 exd5 6. Bg5 Be7 7. e3 Bf5 
8. Bd3 Bxd3 9. Qxd3 Nbd7 10. O-O O-O 11. Rab1 Ne4 12. Bxe7 Qxe7 13. b4 a6 
14. a4 Nb6 15. Ra1 a5 16. bxa5 Rxa5 17. Rfb1 Nc4 18. Nxe4 dxe4 19. Qxc4 
exf3 20. gxf3 Qf6 21. Qe2 Rxa4 22. Kf1 Qf5 23. Qd1 Rxa1 24. Rxa1 Qh3+ 25. 
Kg1 h6 26. Qe2 Rd8 27. Kh1 b5 28. f4 Qe6 29. Qf3 b4 30. Rb1 b3 31. f5 Qc4 
32. Qg4 b2 33. Rg1 Qd5+ 34. f3 Kf8 35. Qxg7+ Ke7 36. f6+ Kd7 37. Qg2 Qb3 
38. Rb1 Rb8 39. Qd2 Ke6 40. Kg2 Kxf6 41. Kf2 Ke7 42. Ke2 f5 43. Kf2 Kd7 
44. h4 h5 45. Kg3 Rg8+ 46. Kh2 Rb8 47. Kg3 Rb5 48. Kf2 Kc7 49. Ke2 Qg8 50.
 Kf2 Qd8 51. Kg3 Qd6+ 52. Kh3 Qa3 53. Kg2 Rb3 54. d5 c5 55. d6+ Kd8 56. 
Qd5 Rxe3 57. Qc6 Qa7 58. Kh3 f4 59. Qd5 Qd7+ 60. Kg2 Qg7+ 61. Kf1 Qd4 62. 
Qxd4 cxd4 63. Rxb2 Rxf3+ 64. Kg2 Rg3+ 65. Kf2 Kd7 66. Rb4 Kxd6 67. Rxd4+ 
Ke5 68. Ra4 Kf5 69. Ra8 Rh3 70. Rf8+ Kg4 71. Rg8+ Kxh4 72. Rf8 Kg5 73. 
Rg8+ Kf5 74. Rf8+ Ke5 75. Re8+ 1/2-1/2

[Event "FRA-ch"]
[Site "Auxerre"]
[Date "1996.??.??"]
[Round "3"]
[White "Touzane, Olivier"]
[Black "Vaisser, Anatoli"]
[Result "0-1"]
[WhiteElo "2500"]
[BlackElo "2565"]
[EventDate "1996.??.??"]

1. d4 d5 2. c4 e6 3. Nc3 Nf6 4. cxd5 exd5 5. Bg5 Be7 6. e3 c6 7. Qc2 O-O 
8. Bd3 Nbd7 9. Nge2 Re8 10. O-O Nf8 11. f3 Ng6 12. Kh1 Be6 13. Na4 Qc7 14.
 Nf4 Ng4 15. fxg4 Bxg5 16. Nxe6 Rxe6 17. e4 dxe4 18. Bxe4 Rd6 19. Rf5 Rxd4
20. Rxg5 Qf4 21. Bxg6 hxg6 22. Ra5 Rd2 23. Qb3 b5 24. Nc3 Qf2 25. Rg1 Re8 
26. Ne4 Rxe4 27. Qf3 Qxf3 28. gxf3 Ree2 29. Rc1 Rxh2+ 30. Kg1 Rdg2+ 31. 
Kf1 Rxb2 32. Kg1 Rbg2+ 33. Kf1 Rxa2 0-1

[Event "GER-ARM"]
[Site "Baden-Baden"]
[Date "1996.??.??"]
[Round "1"]
[White "Jussupow, Artur"]
[Black "Lputian, Smbat G"]
[Result "1-0"]
[WhiteElo "2665"]
[BlackElo "2595"]
[EventDate "1996.07.31"]

1. d4 d5 2. c4 e6 3. Nc3 Be7 4. cxd5 exd5 5. Bf4 c6 6. e3 Bf5 7. g4 Be6 8.
 h4 Bxh4 9. Qb3 b6 10. Nf3 Be7 11. Ne5 g5 12. Bg3 Nf6 13. Be2 Qc8 14. Rc1 
Nbd7 15. Nb5 Nc5 16. dxc5 cxb5 17. Qxb5+ Kf8 18. Nc6 Ne4 19. Nxe7 Kxe7 20.
 Bd6+ Kf6 21. Qb4 Kg7 22. c6 Nxd6 23. Qxd6 Qd8 24. Qe5+ Qf6 25. Qxf6+ Kxf6
26. Kd2 Rac8 27. f4 Rc7 28. Rh6+ Kg7 29. fxg5 Kf8 30. b4 Ke7 31. b5 Kd6 
32. Bd3 Rg8 33. Bxh7 Rxg5 34. Bf5 Rg8 35. a4 Re7 36. Rch1 Kc5 37. Bxe6 
fxe6 38. Rh7 Rxh7 39. Rxh7 Rxg4 40. Rxa7 e5 41. Rd7 Rg8 42. c7 Rc8 43. Kc3
d4+ 44. exd4+ exd4+ 45. Kd3 Kb4 46. Kxd4 Kxa4 47. Kd5 Kxb5 48. Kd6 Kc4 49.
 Rd8 Rxc7 50. Kxc7 b5 51. Kb6 1-0

[Event "GER-CupT sf2"]
[Site "Bremen"]
[Date "1996.??.??"]
[Round "?.4"]
[White "Knaak, Rainer"]
[Black "Vaganian, Rafael A"]
[Result "1-0"]
[WhiteElo "2540"]
[BlackElo "2615"]
[EventDate "1996.??.??"]

1. d4 e6 2. c4 Nf6 3. Nc3 d5 4. cxd5 exd5 5. Bg5 c6 6. e3 Bf5 7. Qf3 Be6 
8. Bxf6 Qxf6 9. Qxf6 gxf6 10. Bd3 Nd7 11. Nge2 Bd6 12. Ng3 Nb6 13. Nce2 
Bb4+ 14. Kd1 Nc8 15. Nh5 Be7 16. f3 Nd6 17. g4 O-O-O 18. Neg3 Nc4 19. Bxc4
dxc4 20. Kc2 c5 21. dxc5 Rd3 22. Rae1 Rhd8 23. Ne4 f5 24. gxf5 Bxf5 25. 
Nhg3 Bg6 26. f4 R8d5 27. Kc1 Bxe4 28. Nxe4 Bxc5 29. Nxc5 Rxc5 30. Rhg1 Rh5
31. Re2 Kd7 32. Rg8 Ke7 33. Rb8 b5 34. Kc2 Rd8 35. Rxd8 Kxd8 36. Kc3 Rd5 
37. e4 Rd3+ 38. Kb4 a6 39. Kc5 Kc7 40. f5 c3 41. bxc3 Rxc3+ 42. Kd4 b4 43.
 Rg2 Kb6 44. e5 a5 45. e6 fxe6 46. f6 Rf3 47. Ke5 h5 48. Kxe6 Re3+ 49. Kd6
Rf3 50. Ke7 Re3+ 51. Kf8 1-0

[Event "Goodricke op 7th"]
[Site "Calcutta"]
[Date "1996.??.??"]
[Round "8"]
[White "Sherbakov, Ruslan"]
[Black "Novikov, Igor A"]
[Result "1/2-1/2"]
[WhiteElo "2565"]
[BlackElo "2590"]
[EventDate "1996.02.??"]

1. d4 d5 2. c4 c6 3. Nf3 Nf6 4. Nc3 e6 5. cxd5 exd5 6. Bg5 Be7 7. e3 Bf5 
8. Bd3 Bxd3 9. Qxd3 Nbd7 10. O-O O-O 11. Rab1 1/2-1/2

[Event "Hoogovens"]
[Site "Wijk aan Zee"]
[Date "1996.01.14"]
[Round "2"]
[White "Piket, Jeroen"]
[Black "Timman, Jan H"]
[Result "1/2-1/2"]
[WhiteElo "2570"]
[BlackElo "2620"]
[EventDate "1996.01.??"]

1. d4 Nf6 2. c4 e6 3. Nf3 d5 4. Nc3 Nbd7 5. cxd5 exd5 6. Bg5 c6 7. e3 Be7 
8. Bd3 Nh5 9. Bxe7 Qxe7 10. O-O Nhf6 11. Qc2 O-O 12. Rfe1 g6 13. a3 Nb6 
14. b4 Re8 15. b5 c5 16. dxc5 Qxc5 17. e4 Qf8 18. Qd2 Be6 19. a4 Rad8 20. 
Qg5 dxe4 21. Bxe4 Nbd5 22. Nxd5 Nxe4 23. Rxe4 Rxd5 24. Qe3 Qc5 25. Rc1 
Qxe3 26. fxe3 Kf8 27. Nd4 1/2-1/2

[Event "Las Palmas op"]
[Site "Las Palmas"]
[Date "1996.??.??"]
[Round "9"]
[White "Vaisser, Anatoli"]
[Black "Pigusov, Evgeny"]
[Result "1/2-1/2"]
[WhiteElo "2565"]
[BlackElo "2570"]
[EventDate "1996.11.??"]

1. d4 Nf6 2. c4 e6 3. Nc3 d5 4. cxd5 exd5 5. Bg5 c6 6. e3 Bf5 7. Qf3 Bg6 
8. Bxf6 Qxf6 9. Qxf6 gxf6 10. h4 Nd7 11. h5 Bf5 12. Nf3 Rg8 13. Nh4 Be6 
14. Bd3 h6 15. f3 Nb6 16. Kf2 Bd6 17. Ne2 a5 18. a4 Nc8 19. g4 Ne7 20. 
Rhg1 Kd7 21. Ng3 Bxg3+ 22. Rxg3 Rg7 23. Rag1 Rag8 24. f4 Kd6 25. g5 f5 26.
 Nf3 Rh8 27. Rh1 Nc8 28. gxh6 Rgh7 29. Be2 Ke7 30. Rb1 Nd6 31. Rbg1 Ne8 
32. Rh3 Nf6 1/2-1/2

[Event "Makarska"]
[Site "Makarska"]
[Date "1996.??.??"]
[Round "5"]
[White "Dizdar, Goran"]
[Black "Hulak, Krunoslav"]
[Result "1/2-1/2"]
[WhiteElo "2525"]
[BlackElo "2545"]
[EventDate "1996.06.??"]

1. d4 d5 2. c4 e6 3. Nf3 Nf6 4. Nc3 Be7 5. cxd5 exd5 6. Bg5 Nbd7 7. e3 O-O
8. Bd3 c6 9. Qc2 Re8 10. O-O Nf8 11. a3 a5 12. h3 1/2-1/2

[Event "Metz op 14th"]
[Site "Metz"]
[Date "1996.??.??"]
[Round "?"]
[White "Eingorn, Vereslav S"]
[Black "Klovans, Janis"]
[Result "1/2-1/2"]
[WhiteElo "2580"]
[BlackElo "2520"]
[EventDate "1996.04.??"]

1. d4 d5 2. c4 e6 3. Nc3 Nf6 4. cxd5 exd5 5. Bg5 c6 6. e3 Be7 7. Qc2 Nbd7 
8. Bd3 O-O 9. Nf3 Re8 10. h3 Nf8 11. O-O Ne4 12. Bf4 Ng5 13. Nh2 Nge6 14. 
Bg3 Bd6 15. Bxd6 Qxd6 16. f4 Nc7 17. Rae1 b6 18. Qf2 Ba6 19. Bxa6 Nxa6 20.
 Ng4 Nd7 21. a3 Nc7 22. e4 dxe4 23. Rxe4 1/2-1/2

[Event "San Roque"]
[Site "San Roque"]
[Date "1996.??.??"]
[Round "8"]
[White "Azmaiparashvili, Zurab"]
[Black "Campora, Daniel Hugo"]
[Result "1/2-1/2"]
[WhiteElo "2660"]
[BlackElo "2540"]
[EventDate "1996.02.??"]

1. d4 d5 2. c4 e6 3. Nc3 Nf6 4. cxd5 exd5 5. Bg5 Be7 6. e3 O-O 7. Bd3 Nbd7
8. Nge2 Re8 9. O-O c6 10. Qc2 Nf8 11. Rad1 Nh5 12. Bxe7 Qxe7 13. Rfe1 Bg4 
14. Rb1 Rad8 15. Ng3 Nxg3 16. hxg3 h5 17. b4 a6 18. Na4 Rd6 19. Nc5 Bc8 
20. Bf5 Qd8 21. a4 Rf6 22. Bxc8 Qxc8 23. e4 dxe4 24. Rxe4 Rxe4 25. Nxe4 
Rg6 26. b5 axb5 27. axb5 Qd8 28. bxc6 bxc6 29. Qc5 Re6 30. Ng5 Rd6 31. Nf3
g6 32. Rb7 Rf6 33. Ne5 Ne6 34. Qxc6 Nxd4 35. Qc4 Ne6 36. Rxf7 h4 37. Rd7 
Qb6 38. Qxh4 Qxf2+ 39. Kh2 Nf8 40. Qc4+ Re6 41. Ng4 Qb2 42. Re7 Qh8+ 43. 
Kg1 Qa1+ 44. Kh2 Qh8+ 1/2-1/2

[Event "Sochi"]
[Site "Sochi"]
[Date "1996.??.??"]
[Round "?"]
[White "Komliakov, Viktor"]
[Black "Baikov, Vladimir A"]
[Result "1/2-1/2"]
[WhiteElo "2500"]
[BlackElo "2520"]
[EventDate "1996.??.??"]

1. d4 d5 2. c4 e6 3. Nc3 Be7 4. Nf3 Nf6 5. Bg5 Nbd7 6. cxd5 exd5 7. Qc2 
O-O 8. e3 c6 9. Bd3 Re8 10. O-O Ne4 11. Bxe7 Qxe7 12. Bxe4 dxe4 13. Nd2 
1/2-1/2

[Event "Vendrell op"]
[Site "Vendrell"]
[Date "1996.??.??"]
[Round "4"]
[White "Ionov, Sergey"]
[Black "San Segundo Carrillo, Pablo"]
[Result "1-0"]
[WhiteElo "2515"]
[BlackElo "2535"]
[EventDate "1996.??.??"]

1. d4 Nf6 2. c4 e6 3. Nc3 d5 4. cxd5 exd5 5. Bg5 Be7 6. e3 c6 7. Bd3 Nbd7 
8. Nge2 g6 9. O-O Nh5 10. Bxe7 Qxe7 11. Qd2 O-O 12. f3 Nb6 13. Rae1 Be6 
14. Nc1 Rad8 15. Qf2 f5 16. Bc2 Nf6 17. Nd3 Nc4 18. Bb3 Nd6 19. Qh4 Rde8 
20. Ne5 Nf7 21. Nd3 Bc8 22. f4 Ne4 23. Qxe7 Rxe7 24. Nxe4 fxe4 25. Ne5 
Nxe5 26. fxe5 Rxf1+ 27. Rxf1 Rf7 28. Rxf7 Kxf7 29. Kf2 Ke7 30. Bd1 a5 31. 
a3 Bd7 32. b4 axb4 33. axb4 Bc8 34. Kg3 b6 35. Be2 Kf7 36. Kf4 h6 37. h4 
Ke7 38. Bf1 Bb7 39. Be2 Bc8 40. Bf1 Bb7 41. h5 gxh5 42. Be2 Bc8 43. Bxh5 
Bd7 44. Bg6 Be6 45. Bf5 Bf7 46. Bc8 Kd8 47. e6 Be8 48. Ba6 Kc7 49. Ke5 Bh5
50. Bf1 Bg4 51. g3 1-0

[Event "Werfen op-A"]
[Site "Werfen"]
[Date "1996.??.??"]
[Round "9"]
[White "Malaniuk, Vladimir P"]
[Black "Klovans, Janis"]
[Result "1-0"]
[WhiteElo "2610"]
[BlackElo "2530"]
[EventDate "1996.08.??"]

1. d4 Nf6 2. c4 e6 3. Nc3 d5 4. cxd5 exd5 5. Bg5 c6 6. e3 Be7 7. Bd3 Nbd7 
8. Nge2 O-O 9. Qc2 Re8 10. O-O Nf8 11. f3 Nh5 12. Bxe7 Rxe7 13. Qd2 Nf6 
14. Rad1 Be6 15. h3 Rd7 16. Ng3 Qc7 17. Qf2 Rad8 18. Bc2 b6 19. Rfe1 c5 
20. Rd2 a6 21. Red1 Re7 22. a3 Red7 23. Bb1 Re7 24. Ba2 c4 25. e4 Qc8 26. 
Bb1 g6 27. Nge2 Kg7 28. g4 dxe4 29. fxe4 b5 30. e5 Nd5 31. Nxd5 1-0

[Event "Yalta op"]
[Site "Yalta"]
[Date "1996.??.??"]
[Round "9"]
[White "Guliev, Sarhan"]
[Black "Neverov, Valeriy"]
[Result "1/2-1/2"]
[WhiteElo "2505"]
[BlackElo "2515"]
[EventDate "1996.??.??"]

1. d4 d5 2. c4 e6 3. cxd5 exd5 4. Nc3 c6 5. Nf3 Nf6 6. Bg5 Be7 7. e3 Bf5 
8. Bd3 Bxd3 9. Qxd3 Nbd7 10. O-O O-O 1/2-1/2

[Event "Yerevan ol (Men)"]
[Site "Yerevan"]
[Date "1996.??.??"]
[Round "7"]
[White "Chernin, Alexander"]
[Black "Dizdar, Goran"]
[Result "1/2-1/2"]
[WhiteElo "2620"]
[BlackElo "2535"]
[EventDate "1996.09.??"]

1. c4 e6 2. Nc3 d5 3. d4 Bb4 4. cxd5 exd5 5. Bf4 Ne7 6. Qa4+ Nbc6 7. e3 
Bf5 8. Nf3 O-O 9. Be2 Bd6 10. Bg3 Nc8 11. O-O N6e7 12. Rfc1 c6 13. Nd2 
Bxg3 14. hxg3 Nd6 15. Qb3 Re8 16. a4 Bg6 17. Qd1 a5 18. b3 Nec8 19. Ra2 
Qe7 20. Rb2 Nb6 21. Ra1 Ra7 22. Qc1 Nf5 23. Nf3 Bh5 24. Bd3 Nd6 25. Ne5 
Nd7 26. Nxd7 1/2-1/2

[Event "Yerevan ol (Men)"]
[Site "Yerevan"]
[Date "1996.??.??"]
[Round "10"]
[White "Sadler, Matthew"]
[Black "Lputian, Smbat G"]
[Result "1/2-1/2"]
[WhiteElo "2615"]
[BlackElo "2595"]
[EventDate "1996.09.??"]

1. d4 e6 2. c4 d5 3. Nc3 Be7 4. cxd5 exd5 5. Bf4 c6 6. Qc2 Bd6 7. Bg3 Ne7 
8. e3 Bf5 9. Qb3 Bxg3 10. hxg3 Qb6 11. Be2 Na6 12. g4 Bg6 13. Nf3 f6 14. 
Na4 Qxb3 15. axb3 Nc7 16. Nc5 b6 17. Na6 Kd7 18. Kd2 Ne8 19. Ne1 Nd6 20. 
f3 Kc8 21. Nd3 Bxd3 22. Bxd3 h6 23. Bc2 Kb7 24. Nb4 c5 25. dxc5 bxc5 26. 
Nd3 Kb6 27. Nf4 a5 28. Ke2 Kc6 29. Rhc1 Rhb8 30. Ne6 g5 31. Ra2 Rb4 32. 
Rh1 Nf7 33. Rc1 Nd6 34. Rh1 Nf7 35. Rc1 Kd6 36. Ng7 Ne5 37. Rh1 Nf7 38. 
Rha1 Nc6 39. Nf5+ Ke5 40. Rh1 Rab8 41. Rb1 R4b5 42. Kd2 Nb4 43. Ra3 h5 44.
 f4+ gxf4 45. exf4+ Kxf4 46. gxh5 Nxc2 47. Rf1+ Kg5 48. Kxc2 a4 49. b4 
Rxb4 50. Rg3+ Rg4 51. Rxg4+ Kxg4 52. Ne3+ Kxh5 53. Nxd5 1/2-1/2

[Event "Zhukov mem"]
[Site "Spasskoe"]
[Date "1996.??.??"]
[Round "1"]
[White "Aleksandrov, Aleksej"]
[Black "Legky, Nikolay A"]
[Result "1-0"]
[WhiteElo "2535"]
[BlackElo "2510"]
[EventDate "1996.??.??"]

1. c4 e6 2. Nc3 d5 3. d4 Nf6 4. cxd5 exd5 5. Bg5 c6 6. e3 Be7 7. Bd3 Nbd7 
8. Qc2 Nh5 9. Bxe7 Qxe7 10. Nge2 g6 11. h3 Ng7 12. O-O-O f5 13. g4 Nf6 14.
 Rde1 O-O 15. Reg1 Ne4 16. Nf4 Bd7 17. gxf5 Bxf5 18. Bxe4 dxe4 19. h4 Kh8 
20. h5 g5 21. h6 Ne8 22. Nh3 Rg8 23. f4 Bxh3 24. Rxh3 g4 25. Rh5 Nf6 26. 
Re5 Qf8 27. Nxe4 Qxh6 28. Ng5 Rg7 29. Re6 Rf8 30. Qc5 Kg8 31. Ne4 Qh4 32. 
Nxf6+ Rxf6 33. Re8+ Kf7 34. Qe7+ Kg6 35. Qe4+ Kf7 36. Re7+ Kf8 37. Rxg7 
Kxg7 38. Rh1 Re6 39. Rxh4 Rxe4 40. Kd2 Re7 41. Rxg4+ Kf6 42. Kd3 h5 43. 
Rh4 Rh7 44. e4 Kg6 45. Ke3 a5 46. Kf3 Kf6 47. Rh2 a4 48. f5 c5 49. dxc5 h4
50. Kf4 h3 51. e5+ Kf7 52. Kg4 Rg7+ 53. Kxh3 Rg1 54. Re2 1-0

[Event "AUT-chT 9798"]
[Site "Austria"]
[Date "1997.11.09"]
[Round "5"]
[White "Chernin, Alexander"]
[Black "Lukacs, Peter"]
[Result "1/2-1/2"]
[WhiteElo "2640"]
[BlackElo "2520"]
[EventDate "1997.??.??"]

1. c4 e6 2. Nc3 d5 3. d4 Nf6 4. cxd5 exd5 5. Bg5 c6 6. e3 Nbd7 7. Bd3 Be7 
8. Nge2 O-O 9. Qc2 Re8 10. h3 Nf8 11. g4 Kh8 12. O-O-O a5 13. Rhg1 b5 14. 
Kb1 a4 15. Nf4 Bd7 16. Bf5 Bxf5 17. gxf5 N8d7 18. f3 Nb6 19. Qg2 Rg8 20. 
e4 b4 21. Nce2 Nc4 22. e5 b3 23. a3 Qc8 24. Ng3 Bxa3 1/2-1/2

[Event "AUT-chT2W 9798"]
[Site "Austria"]
[Date "1997.??.??"]
[Round "1"]
[White "Hertneck, Gerald"]
[Black "Schlosser, Philipp"]
[Result "1/2-1/2"]
[WhiteElo "2525"]
[BlackElo "2550"]
[EventDate "1997.??.??"]

1. d4 d5 2. c4 e6 3. Nf3 Nf6 4. Nc3 c6 5. cxd5 exd5 6. Bg5 Be7 7. e3 Bf5 
8. Bd3 Bxd3 9. Qxd3 Nbd7 10. O-O O-O 11. Nd2 a5 12. a3 Re8 13. Rfc1 Bd6 
14. Nf1 a4 15. Rc2 Qa5 16. f3 Re6 17. Bh4 Rae8 18. Re1 g6 19. Ree2 Nh5 20.
 g4 Ng7 21. e4 dxe4 22. fxe4 h5 23. h3 b5 24. e5 Be7 25. Bg3 Qd8 26. Qf3 
Nb6 27. Kg2 f6 28. d5 Nxd5 29. Rcd2 hxg4 30. hxg4 fxe5 31. Nxd5 cxd5 32. 
Qxd5 Qxd5+ 33. Rxd5 1/2-1/2

[Event "Amber-rapid 6th"]
[Site "Monte Carlo"]
[Date "1997.??.??"]
[Round "9"]
[White "Ljubojevic, Ljubomir"]
[Black "Andersson, Ulf"]
[Result "1-0"]
[WhiteElo "2570"]
[BlackElo "2655"]
[EventDate "1997.04.18"]

1. d4 d5 2. Nf3 e6 3. c4 Nf6 4. Nc3 Nbd7 5. Bg5 Be7 6. e3 O-O 7. cxd5 exd5
8. Bd3 c6 9. Qc2 a5 10. O-O Re8 11. a3 h6 12. Bh4 b6 13. Rab1 Bb7 14. b4 
axb4 15. axb4 Ne4 16. Bxe7 Qxe7 17. Bxe4 dxe4 18. Nd2 f5 19. Nc4 Rab8 20. 
Qb3 Kh7 21. Rfd1 Qe6 22. h3 Red8 23. Na5 Qxb3 24. Nxb3 Nf6 25. Nd2 Nd5 26.
 Rdc1 Ba6 27. Nxd5 cxd5 28. b5 Bc8 29. Rb3 1-0

[Event "BL2-N 9697"]
[Site "Germany"]
[Date "1997.??.??"]
[Round "?.1"]
[White "Kalinitschew, Sergey"]
[Black "Hansen, Lars Bo"]
[Result "1/2-1/2"]
[WhiteElo "2520"]
[BlackElo "2545"]
[EventDate "1996.10.??"]

1. d4 d5 2. c4 e6 3. Nf3 Nf6 4. Nc3 Nbd7 5. cxd5 exd5 6. Bg5 Be7 7. e3 c6 
8. Qc2 Nf8 9. Bd3 Ne6 10. Bh4 g6 11. O-O O-O 12. Rab1 Ng7 13. b4 a6 14. a4
Bf5 15. Bxf6 Bxf6 16. b5 a5 17. bxc6 bxc6 18. Ne2 Rc8 19. Bxf5 Nxf5 20. 
Nf4 Re8 21. Nd3 Be7 22. Rb3 Bd6 23. Nc5 Re7 24. Nb7 Qc7 25. Nxd6 Nxd6 26. 
Rc1 Nc4 27. Nd2 c5 28. dxc5 Qxc5 29. Rb5 Qd6 30. Qd3 Rec7 31. Rd1 Qf6 32. 
Rxd5 Nxd2 33. Qxd2 Rc2 34. Qe1 Ra2 35. R5d4 Rcc2 36. Rf4 Qe5 37. h4 Re2 
1/2-1/2

[Event "BL2-S 9798"]
[Site "Germany"]
[Date "1997.??.??"]
[Round "?.1"]
[White "Hertneck, Gerald"]
[Black "Pinter, Jozsef"]
[Result "1/2-1/2"]
[WhiteElo "2525"]
[BlackElo "2590"]
[EventDate "1997.10.??"]

1. d4 Nf6 2. c4 e6 3. Nf3 d5 4. Nc3 c6 5. Bg5 Nbd7 6. cxd5 exd5 7. e3 Bd6 
8. Bd3 Nf8 9. Qc2 Ng6 10. Nh4 Be7 11. Nf5 Bxf5 12. Bxf5 O-O 13. O-O Ne8 
14. Bxe7 Qxe7 15. Ne2 Nd6 16. Ng3 Rfe8 17. b4 Nf8 18. Bd3 g6 19. Rfc1 Ne6 
20. Qb3 a6 21. a4 Nc7 22. Nf1 Qg5 23. Rc5 Qf6 24. Rac1 Re6 25. Nd2 Qe7 26.
 Bf1 Re8 27. g3 Qf6 28. Qd1 Qe7 29. R5c3 Kg7 30. Rb3 Rf6 31. Rc2 Qe6 32. 
Nf3 Qg4 33. Bg2 Nc4 34. Ra2 h6 35. Rb1 Re7 36. Nd2 Qxd1+ 37. Rxd1 Nd6 38. 
Rc1 h5 39. Bf1 Re8 40. Nb1 Rfe6 41. Rcc2 R6e7 42. Na3 Ra8 43. Rab2 Ne6 44.
 Rb3 Rc7 45. h4 1/2-1/2

[Event "Canada op"]
[Site "Winnipeg"]
[Date "1997.07.18"]
[Round "8"]
[White "Stefansson, Hannes"]
[Black "Vera, Reynaldo"]
[Result "1-0"]
[WhiteElo "2545"]
[BlackElo "2530"]
[EventDate "1997.07.12"]

1. d4 d5 2. c4 c6 3. Nf3 Nf6 4. Nc3 e6 5. Bg5 Nbd7 6. cxd5 exd5 7. e3 Be7 
8. Bd3 Nh5 9. Bxe7 Qxe7 10. O-O g6 11. Rb1 O-O 12. b4 a6 13. a4 Nhf6 14. 
Qc2 Re8 15. Rfe1 Ne4 16. b5 axb5 17. axb5 Ndf6 18. bxc6 bxc6 19. Ne5 Ng4 
20. Nxe4 Nxe5 21. dxe5 dxe4 22. Bxe4 Qxe5 23. Bxc6 Bf5 24. e4 Rac8 25. Qa4
Re7 26. Bd5 Be6 27. Bxe6 Rxe6 28. Rbd1 Rec6 29. h3 Rc2 30. Rd8+ Kg7 31. 
Rxc8 Rxc8 32. g3 h5 33. Kg2 Rb8 34. Qc4 Rb7 35. Re3 Rc7 36. Qd5 Rc5 37. 
Qxe5+ Rxe5 38. f4 Ra5 39. Kf3 Ra2 40. g4 hxg4+ 41. hxg4 Ra1 42. e5 Ra4 43.
 Rb3 Rc4 44. Rb7 Kg8 45. f5 gxf5 46. gxf5 Ra4 47. Ke3 Rc4 48. Rd7 Ra4 49. 
Rd4 Ra1 50. Ke4 Kf8 51. Rc4 Re1+ 52. Kf4 Rf1+ 53. Kg5 Kg7 54. f6+ Kh7 55. 
Rf4 Re1 56. Kf5 Kg8 57. Ra4 Rf1+ 58. Ke4 Re1+ 59. Kd5 Rd1+ 60. Kc6 Rd8 61.
 Rg4+ Kf8 62. Rb4 Ra8 63. Kc7 Ke8 64. Rb7 Rd8 65. Kc6 Ra8 66. Re7+ Kf8 67.
 Rc7 Ke8 68. Kb6 Rb8+ 69. Kc6 Ra8 70. Kd5 Rd8+ 71. Ke4 Rd1 72. Rc8+ Kd7 
73. Rf8 Re1+ 74. Kf5 Rf1+ 75. Kg5 Rg1+ 76. Kh6 Ke6 77. Re8+ Kf5 78. Kh7 
Rg2 79. Rg8 Re2 80. Kg7 Rxe5 81. Kxf7 Ra5 82. Kg7 Ra1 83. f7 Rg1+ 84. Kf8 
Ra1 85. Rg2 1-0

[Event "Corsica rap op"]
[Site "Corsica"]
[Date "1997.??.??"]
[Round "3"]
[White "Kogan, Artur"]
[Black "Korneev, Oleg"]
[Result "1/2-1/2"]
[WhiteElo "2500"]
[BlackElo "2565"]
[EventDate "1997.??.??"]

1. d4 d5 2. c4 e6 3. Nf3 Nf6 4. Nc3 Be7 5. cxd5 exd5 6. Bf4 c6 7. Ne5 O-O 
8. e3 Be6 9. Bd3 Nbd7 10. Qc2 c5 11. Nxd7 Qxd7 12. dxc5 h6 13. O-O Bxc5 
14. Na4 Bd6 15. Nc5 Bxc5 16. Qxc5 Bf5 17. Bb5 Qe6 18. Qd4 a6 19. Ba4 Rac8 
20. Rfc1 Rc4 21. Qd1 Bg4 22. f3 Bf5 23. Bb3 Rxc1 24. Qxc1 Qe7 25. Qc7 Qxc7
26. Bxc7 Rc8 27. Be5 Nd7 28. Bd4 Be6 29. Rd1 Nc5 30. Bc2 Ne4 31. Bd3 Nd6 
32. Be5 Nc4 33. Bd4 Nd6 34. a4 f6 35. g4 Kf7 36. Kf1 Bd7 37. b3 b5 38. a5 
b4 39. Bxa6 Ra8 40. Be2 Rxa5 1/2-1/2